Les albums de Yoko Tsuno - Statistiques

Statistiques générales
  • Ce quiz a été pris 105 fois
  • Le résultat moyen est 16 sur 27
Statistiques - réponses
Hint Réponse % Correct
3. La forge de Vulcain
83%
1. Le trio de l'étrange
83%
2. L'orgue du diable
83%
20. L'astrologue de Bruges
78%
4. Aventures éléctroniques
75%
9. La fille du vent
75%
8. Les titans
70%
7. La frontière de la vie
68%
11. La spirale du temps
68%
6. Les trois soleils de Vinéa
68%
12. La proie et l'ombre
65%
5. Message pour l'éternité
65%
19. L'or du Rhin
63%
16. Le dragon de Hong Kong
60%
13. Les archanges de Vinéa
58%
22. La Jonque céleste
55%
10. La lumière d'Ixo
55%
14. Le feu de Wotan
55%
15. Le canon de Kra
53%
17. Le matin du monde
53%
25. La servante de Lucifer
50%
18. Les exilés de Kifa
50%
21. La Porte des âmes
45%
24. Le Septième Code
45%
27. Le secret de Khany
43%
23. La Pagode des brumes
40%
26. Le maléfice de l'améthyste
30%
Aucun quiz correspondant
Distribution des résultats
% des personnes avec chaque résultat
Percentile par nombre de réponses
Votre historique - résultats
Vous n’avez pas pris ce quiz